Historia general de América Latina

Na minha lista:
Detalhes bibliográficos
Formato: Livro
Idioma:espanhol
Publicado em: París UNESCO 2001
Assuntos:
Tags: Adicionar Tag
Sem tags, seja o primeiro a adicionar uma tag!

MARC

LEADER 00000nam a2200000 a 4500
001 UCG4735
003 CL-VaPUC
008 101125e20010000FR |||||||||||||||||spa|d
020 |a 9233036537oc 
020 |a 9233037932v.3 t.2 
082 0 4 |a 980  |b HIS  |2 21 
245 1 0 |a Historia general de América Latina 
300 |a v 
942 |c BK 
945 |d 20101125 00:00:00  |a mfarfan 
260 |a París  |b UNESCO  |c 2001 
500 |a v.3 t.2: Consolidación del orden colonial 
650 0 |a Historia de América  |9 266076 
651 0 |a América  |9 255182 
583 |a last modification  |c 20101125 00:00:00  |k Rodrigo Vera 
999 |c 343384  |d 343382 
952 |0 0  |1 0  |4 0  |6 980_000000000000000_HIS_2001  |7 0  |8 X  |9 440670  |a FDOBUD  |b FDOBUD  |d 2019-11-22  |h v.3 t.2  |i 4737261  |o 980 HIS 2001  |p 4737261  |r 2019-11-22  |w 2019-11-22  |y BK_X  |k BUD